Amrut Manthan (Record no. 1387009)

MARC details
000 -LEADER
fixed length control field 00592nam a2200253Ia 4500
008 - FIXED-LENGTH DATA ELEMENTS--GENERAL INFORMATION
fixed length control field 160525s9999||||xx |||||||||||||| ||und||
040 ## - CATALOGING SOURCE
Transcribing agency Marathi
082 ## - DEWEY DECIMAL CLASSIFICATION NUMBER
Classification number XV. E/Pai
082 ## - DEWEY DECIMAL CLASSIFICATION NUMBER
Item number BORI-108493
100 ## - MAIN ENTRY--PERSONAL NAME
Personal name Vamanrao Gajananrao Pai
245 ## - TITLE STATEMENT
Title Amrut Manthan
300 ## - PHYSICAL DESCRIPTION
Extent 234
300 ## - PHYSICAL DESCRIPTION
Dimensions A
300 ## - PHYSICAL DESCRIPTION
Accompanying material Paperback
530 ## - ADDITIONAL PHYSICAL FORM AVAILABLE NOTE
Uniform Resource Identifier <a href="00108493.pdf">00108493.pdf</a>
563 ## - BINDING INFORMATION
Binding note Ref
600 ## - SUBJECT ADDED ENTRY--PERSONAL NAME
Personal name Vamanrao Gajananrao Pai
630 ## - SUBJECT ADDED ENTRY--UNIFORM TITLE
Uniform title Amrut Manthan
650 ## - SUBJECT ADDED ENTRY--TOPICAL TERM
Topical term or geographic name as entry element Collected Works
650 ## - SUBJECT ADDED ENTRY--TOPICAL TERM
Topical term or geographic name as entry element Reference
700 ## - ADDED ENTRY--PERSONAL NAME
Personal name Vamanrao Gajananrao Pai
730 ## - ADDED ENTRY--UNIFORM TITLE
Uniform title Amrut Manthan
942 ## - ADDED ENTRY ELEMENTS (KOHA)
Koha item type Book

No items available.